| 000 | 01863nam0a2200349 4500 | ||
|---|---|---|---|
| 001 | RU\NLR\BIBL_A\022585924 | ||
| 005 | 20260420050859.0 | ||
| 010 |
_a978-5-7310-6618-1 _9500 |
||
| 021 |
_aRU _bКН-П-25-030014 _9КН-П-25-2963 |
||
| 035 | _a(NLR Aleph) 022585924 | ||
| 090 |
_a13678208 _c13678208 |
||
| 100 | _a20250716d2025 k y0rusy50 ca | ||
| 101 | 0 | _arus | |
| 102 | _aRU | ||
| 105 | _aa z 000yy | ||
| 181 | 0 |
_ai3 _baxxe |
|
| 182 | 0 | _an | |
| 200 | 1 |
_aУправление рисками с целью повышения финансовой устойчивости кредитных организаций _eмонография _fМ. А. Пашина, А. Г. Бездудная, А. Л. Пашина _gСанкт-Петербургский государственный экономический университет |
|
| 203 |
_aТекст _bвизуальный _cнепосредственный |
||
| 210 |
_aСанкт-Петербург _cИзд-во Санкт-Петербургского государственного экономического университета _d2025 |
||
| 215 |
_a109 с. _cил. _d20 |
||
| 300 | _aНа 109-й с. авт.: Пашина М. А., проф., д-р экон. наук, Бездудная А. Г., д-р экон. наук, проф. | ||
| 320 | _aБиблиогр.: с. 95-102 (71 назв.) | ||
| 606 | 1 |
_aКредитные учреждения _xУправление _yРоссийская Федерация _92434751 _3RU\NLR\AUTH\661448910 |
|
| 686 | 1 | _aУ26(2)22(2Р) | |
| 700 | 1 |
_aПашина _bМ. А. _gМарина Абеловна |
|
| 701 | 1 |
_aБездудная _bА. Г. _gАнна Герольдовна |
|
| 701 | 1 |
_aПашина _bА. Л. _gАнна Леоновна |
|
| 942 | _cBOOK | ||
| 980 | _aNB | ||